Statistics for ROYAL RUMBLE WINNERS

Click here to take the quiz!

General Stats

  • This quiz has been taken 4 times
  • The average score is 26 of 40

Answer Stats

HintAnswer% Correct
2014Batista
100%
1988Hacksaw Jim Duggan
100%
1990Hulk Hogan
100%
1991Hulk Hogan
100%
2013*John Cena
100%
2008John Cena
100%
2000The Rock
100%
2007*The Undertaker
100%
2002*Triple H
100%
2016Triple H
100%
2011Alberto Del Rio
75%
2005'*Batista
75%
1989Big John Studd
75%
2003*Brock Lesnar
75%
2004*Chris Benoit
75%
2010Edge
75%
1999Mr. McMahon
75%
2009Randy Orton
75%
2006*Rey Mysterio
75%
1992Ric Flair
75%
2015Roman Reigns
75%
1995Shawn Michaels
75%
2012*Sheamus
75%
2001*Stone Cold Steve Austin
75%
1998*Stone Cold Steve Austin
75%
2022Brock Lesnar
50%
1994'*Lex Luger, Bret Hart
50%
2017*Randy Orton
50%
2019*Seth Rollins
50%
2018Shinsuke Nakamura
50%
1997Stone Cold Steve Austin
50%
1993*Yokozuna
50%
2018Asuka
25%
2019*Becky Lynch
25%
1996*Bret Hart
25%
2020*Charlotte Flair
25%
2020*Drew Mcintyre
25%
2021Edge
25%
2021*Bianca Belair
0%
2022Ronda Rousey
0%

Score Distribution

Percentile by Number Answered

Percent of People with Each Score

Your Score History

You have not taken this quiz